000 00600nam a2200229Ia 4500
003 OSt
005 20221007072937.0
006 a|||||r|||| 00| 0
007 ta
008 221006b |||||||| |||| 00| 0 eng d
024 _a13,577
037 _cTextual
040 _aFLL
_cFLL
_beng
041 _2eng
_aeng
082 _aV73:2:L8, H8
100 _aDoren Carl Van Au.
_9691669
245 0 _aGreat rehearsal
260 _aLondon
_bThe Cresset Press London
_c1948
300 _a336p
_ccm.
942 _hV73:2:L8, H8
_cTEXL
_2CC
999 _c1147329
_d1147329